000 02637nam a2200301 4500
003 EC-UNACH
005 20251021125550.0
006 s||||gr|||| 00| 00
008 150116t9999 mx r gr 000 0 spa d
020 _a978-9942-21-650-2
040 _aEC-UNACH
_cEC-UNACH
041 _aspa
082 0 4 _223
_a630.2
_bL017840
110 _aESPOCH
245 _aLos proyectos de inversión agropecuaria en un agroecosistema sostenible
250 _aPrimera edición
264 _aRiobamba - Ecuador
_bESPOCH
_c2015
300 _a107 páginas
_bTablas, Gráficos, Cuadros
505 _aTOMO 1. A. Los proyectos de inversión como opción para el desarrollo 1. Introducción. -- Evaluación financiera. -- Evaluación económica 2. Desarrollo socio económico agropecuario del país 3. Plan, programa y proyecto. – Plan. –Programa. -- Proyecto 4. Tipos de proyectos. -- De comercio local. -- Proyectos de importación. -- Proyectos de exportación. --Proyectos industriales. -- Proyectos de construcción. -- Proyectos agropecuarios. -- Proyectos del sector público. -- Proyectos sociales. -- 5. Protocolo o criterios para la elaboración de proyectos. -- 6. Idea, perfiles, factibilidad. -- 7. Componentes de un proyecto. -- 8. La sostenibilidad en los agro sistemas productivos -- El diagnóstico -- El estudio de mercado. -- B. El diagnóstico 1. Diagnóstico estratégico situacional con enfoque del sistema de producción. -- 2. El muestreo. -- 3. Tipos de muestreo. -- C. Estudio de mercado 1. Caracterización del consumidor. -- 2. Análisis de la manada. -- 3. Análisis de la oferta. -- 4. Segmentación de mercado. -- 5. El precio. -- 6. Otros conceptos. -- 7. Estudio de mercadeo o comercialización. -- 8. Establecimiento de una política de mercadeo para un proyecto. -- 9. Otros conceptos importantes. -- TOMO II. D. Conceptos generales de la ingeniería económica. -- E. Análisis contable de la empresa agropecuaria. -- F. Depreciación. -- G. Tamaño y localización de un proyecto. -- H. Ingeniería del proyecto. -- I. Análisis de costos e inversiones. -- F. Financiamiento. -- K. ¿Cómo determinar un programa de ingreso para un proyecto? -- L. Análisis económico de un proyecto M. -- Evaluación financiera de un proyecto N. -- Análisis de sensibilidad.
650 _a AGROECOSISTEMA SOSTENIBLE
650 _aPROYECTOS DE INVERSION AGROPECUARIA
650 _aSOSTENIBILIDAD AGROECOLOGICA
700 _aMoscoso Gómez, Marcelo E
942 _2ddc
_c1
999 _c14052